Three shocking tales of terror : (Record no. 12708)
[ view plain ]
| 000 -LEADER | |
|---|---|
| fixed length control field | 00546cam a2200193Ia 4500 |
| 020 ## - INTERNATIONAL STANDARD BOOK NUMBER | |
| ISBN | 0590762524 |
| 040 ## - CATALOGING SOURCE | |
| Transcribing agency | JDP |
| 082 ## - DEWEY DECIMAL CLASSIFICATION NUMBER | |
| Classification number | 813 SCH 1998 A094 Or. |
| 100 1# - MAIN ENTRY--AUTHOR NAME | |
| Personal name | Stine, R. L. |
| 245 10 - TITLE STATEMENT | |
| Title | Three shocking tales of terror : |
| Remainder of title | book 2 / |
| 246 3# - VARYING FORM OF TITLE | |
| Title proper/short title | 3 shocking tales of terror : book two |
| 260 ## - PUBLICATION, DISTRIBUTION, ETC. (IMPRINT) | |
| Place of publication | New York : |
| Name of publisher | Scholastic Inc., |
| Year of publication | c1998. |
| 300 ## - PHYSICAL DESCRIPTION | |
| Number of Pages | viii, 159 p. : |
| Other physical details | ill. ; |
| Dimensions | 20 cm. |
| 490 1# - SERIES STATEMENT | |
| Series statement | Goosebumps |
| 500 ## - GENERAL NOTE | |
| General note | "Apple paperback." |
| 500 ## - GENERAL NOTE | |
| General note | "Parachute Press book"--T.p. verso. |
| 650 #0 - SUBJECT ADDED ENTRY--TOPICAL TERM | |
| Topical Term | Horror tales. |
| 942 ## - ADDED ENTRY ELEMENTS (KOHA) | |
| Koha item type | សៀវភៅភាសាអង់គ្លេស |
| 952 ## - LOCATION AND ITEM INFORMATION (KOHA) | |
| Withdrawn status [LOCAL, KOHA] | 0 |
| Permanent Location | Date acquired | Koha item type | Lost status | Shelving location | Barcode | Current Location | Full call number |
|---|---|---|---|---|---|---|---|
| Library Block A | 2017-08-16 | សៀវភៅភាសាអង់គ្លេស | A094 | A16515 | Library Block A | 813 SCH 1998 A094 Or. |